Human Resource Management (Record no. 3583)

MARC details
000 -LEADER
fixed length control field 00332nam a2200145Ia 4500
008 - FIXED-LENGTH DATA ELEMENTS--GENERAL INFORMATION
fixed length control field 191201s2008 xx 000 0 und d
082 ## - DEWEY DECIMAL CLASSIFICATION NUMBER
Classification number 658.3
Item number PAH
100 ## - MAIN ENTRY--PERSONAL NAME
Personal name PATTANAYAK, Biswajeet
245 #0 - TITLE STATEMENT
Title Human Resource Management
250 ## - EDITION STATEMENT
Edition statement 3rd
260 ## - PUBLICATION, DISTRIBUTION, ETC. (IMPRINT)
Place of publication, distribution, etc N.Delhi
Name of publisher, distributor, etc PHI
Date of publication, distribution, etc 2008
300 ## - PHYSICAL DESCRIPTION
Extent 484
650 ## - SUBJECT ADDED ENTRY--TOPICAL TERM
Topical term or geographic name as entry element MBA
942 ## - ADDED ENTRY ELEMENTS (KOHA)
Source of classification or shelving scheme Dewey Decimal Classification
Koha item type Text Books
Holdings
Withdrawn status Lost status Source of classification or shelving scheme Damaged status Not for loan Collection code Home library Current library Date acquired Source of acquisition Cost, normal purchase price Bill Number Total Checkouts Full call number Acc. no. / Barcode Checked out Date last seen Date last borrowed Bill Date Koha item type Public note
    Dewey Decimal Classification     MBA PIET C-LIBRARY PIET C-LIBRARY 07/11/2008 J B C, New Delhi 325.00 SI-4098 1 658.3 PAH 9971 21/07/2022 22/01/2022 22/01/2022 16/10/2008 Text Books .
    Dewey Decimal Classification     MBA PIET C-LIBRARY PIET C-LIBRARY 07/11/2008 J B C, New Delhi 325.00 SI-4098   658.3 PAH 9972   04/12/2019   16/10/2008 Text Books  
    Dewey Decimal Classification     MBA PIET C-LIBRARY PIET C-LIBRARY 07/11/2008 J B C, New Delhi 325.00 SI-4098   658.3 PAH 9973   04/12/2019   16/10/2008 Text Books  
    Dewey Decimal Classification     MBA PIET C-LIBRARY PIET C-LIBRARY 07/11/2008 J B C, New Delhi 325.00 SI-4098 1 658.3 PAH 9974   08/12/2022 23/11/2022 16/10/2008 Text Books  
    Dewey Decimal Classification     BBA PIET C-LIBRARY PIET C-LIBRARY 15/05/2013 IBH, New Delhi 325.00 1340   658.3 PAH 22291   04/12/2019   11/05/2013 Text Books  
    Dewey Decimal Classification     BBA PIET C-LIBRARY PIET C-LIBRARY 15/05/2013 IBH, New Delhi 325.00 1340 1 658.3 JYM 22292 05/11/2024 22/10/2024 22/10/2024 11/05/2013 Text Books  
    Dewey Decimal Classification     BBA PIET C-LIBRARY PIET C-LIBRARY 15/05/2013 IBH, New Delhi 325.00 1340   658.3 PAH 22293   04/12/2019   11/05/2013 Text Books  

Design & Developed by: PIET Central Library
R70 Miles Stone Pattikalyana Samalkha Panipat 132102
mail ID :- [email protected], Phone No:- 0180-2569700 Ex.216